[Event "Open Ricany 2oo9"]
[Site "?"]
[Date "2009.08.28"]
[Round "8.4"]
[White "Postupa ,Martin"]
[Black "Mejzlik ,Ondrej"]
[Result "1/2-1/2"]
[WhiteElo "1986"]
[BlackElo "2206"]

1. e4 c6 2. d4 d5 3. f3 e6 4. e5 c5 5. c3 Nc6 6. f4 Qb6 7. Nf3 Bd7 8. Be2 Nh6
9. b3 cxd4 10. cxd4 Bb4+ 11. Kf2 Nf5 12. Bb2 Ncxd4 13. Bxd4 Bc5 14. Bxc5 Qxc5+
15. Ke1 Ne3 16. b4 Nxg2+ 17. Kf1 Ne3+ 18. Ke1 Qb6 19. Qd2 Rc8 20. Na3 Ng2+
21. Kf1 Ne3+ 22. Ke1 1/2-1/2

[Event "Open Ricany 2oo9"]
[Site "?"]
[Date "2009.08.28"]
[Round "8.14"]
[White "Macku ,Emil"]
[Black "Fojtu ,Jan"]
[Result "0-1"]
[WhiteElo "2020"]
[BlackElo "2093"]

1. e4 e6 2. d4 d5 3. Nd2 Nf6 4. e5 Nfd7 5. Bd3 c5 6. c3 b6 7. Ne2 Ba6 8. Bxa6
Nxa6 9. O-O Qc7 10. f4 g6 11. a3 Be7 12. b4 Nab8 13. Nf3 Nc6 14. Be3 c4 15. Qc2
a6 16. g4 h5 17. g5 Kf8 18. a4 Kg7 19. Kh1 b5 20. Nh4 Raf8 21. Ng3 Rh7 22. Rf2
Bd8 23. f5 exf5 24. Ngxf5+ gxf5 25. Nxf5+ Kh8 26. Raf1 Qb6 27. a5 Qa7 28. Qe2
Be7 29. Bd2 Qa8 30. Nh6 Nd8 31. Qxh5 Qc6 32. Rxf7 Nxf7 33. g6 Nxh6 34. Rxf8+
Bxf8 35. gxh7 Qe6 0-1

[Event "Open Ricany 2oo9"]
[Site "?"]
[Date "2009.08.28"]
[Round "8.19"]
[White "Koper ,Stefan"]
[Black "Postupa ml., Pavel "]
[Result "0-1"]
[WhiteElo "2024"]
[BlackElo "2131"]

1. d4 Nf6 2. c4 g6 3. Nc3 d5 4. Bg5 Ne4 5. cxd5 Nxc3 6. bxc3 Qxd5 7. Nf3 Bg7
8. e3 Bg4 9. h4 Nd7 10. Be2 h6 11. Bf4 c5 12. Rb1 O-O 13. c4 Qc6 14. d5 Qa6
15. O-O b6 16. Qc2 Rac8 17. e4 f5 18. Rb3 e5 19. Bc1 Nf6 20. Ra3 Qb7 21. exf5
Bxf5 22. Qa4 e4 23. Nh2 Ra8 24. g4 Bd7 25. Qc2 Rae8 26. g5 hxg5 27. hxg5 Nh7
28. Ng4 Bf5 29. Qa4 Qc7 30. Rg3 Qd7 31. Qd1 Qd8 32. Qd2 Bxg4 33. Bxg4 Be5
34. Rg2 Bf4 35. Qe2 Nxg5 36. Bxf4 Rxf4 37. Qe3 Qf6 38. Re1 Kg7 39. Qg3 Rh8
40. d6 Rxg4 41. Qxg4 Nf3+ 42. Qxf3 exf3 43. Rg4 0-1

[Event "Open Ricany 2oo9"]
[Site "?"]
[Date "2009.08.28"]
[Round "8.6"]
[White "Herejk ,Petr"]
[Black "Maly ,Filip"]
[Result "1/2-1/2"]
[WhiteElo "2174"]
[BlackElo "1986"]

1. e4 c5 2. Nf3 Nc6 3. d4 cxd4 4. Nxd4 e5 5. Nb5 d6 6. c4 Be7 7. N1c3 a6 8. Na3
Be6 9. Nc2 Bg5 10. Ne3 Nge7 11. h4 Bxe3 12. Bxe3 f5 13. Nd5 O-O 14. Bd3 Rc8
15. Qd2 Bxd5 16. cxd5 f4 17. dxc6 fxe3 18. fxe3 Nxc6 19. b3 Qf6 20. O-O-O Qf2
21. Kb1 b5 22. Be2 Kh8 23. Bf3 Qg3 24. Rh3 Qg6 25. Qe1 a5 26. Rg3 Qf6 27. Bg4
Ra8 28. Rf3 Qe7 29. Rxf8+ Rxf8 30. Qc3 Nb4 31. a3 Qb7 32. Bf3 Rc8 33. Qd2 Nc2
34. Kb2 b4 35. a4 h6 36. Rc1 Na3 37. Rxc8+ Qxc8 38. Qc1 Qe6 39. Qc6 Kh7 40. Qd5
Qc8 41. Qd2 Qc5 42. h5 g6 43. Qc1 Qa7 44. Bg4 gxh5 45. Bxh5 Kh8 46. Bg6 Kg7
47. Bf5 Kf6 48. Qd2 Qc7 49. Bg4 Ke7 50. Be2 Qc5 51. Qc1 Kd8 52. Bd3 Kc7 1/2-1/2

[Event "Open Ricany 2oo9"]
[Site "?"]
[Date "2009.08.28"]
[Round "8.27"]
[White "Petrun ,Milan"]
[Black "Mejzr ,Jan"]
[Result "1-0"]
[WhiteElo "1966"]
[BlackElo "1847"]

1. e4 c5 2. Nf3 e6 3. d4 cxd4 4. Nxd4 a6 5. Nc3 Qc7 6. Bd3 Nc6 7. Nf3 Nf6
8. O-O Be7 9. h3 O-O 10. Be3 b5 11. a3 Bb7 12. Re1 Rad8 13. Qe2 Rfe8 14. Rad1 d5
15. Bc1 dxe4 16. Nxe4 Nd4 17. Nxd4 Rxd4 18. Nxf6+ Bxf6 19. Bxh7+ Kxh7 20. Rxd4
Bxd4 21. Qd3+ Kg8 22. Qxd4 Qxc2 23. Qg4 Rd8 24. Bh6 Qxb2 25. Bf4 Qc3 26. Re3 Qc2
27. Re2 Qd1+ 28. Kh2 Qd4 29. Rd2 Qb6 30. Be5 f6 31. Rxd8+ Qxd8 32. Qxe6+ Kh8
33. Bd6 Be4 34. h4 Qa8 35. f3 Bd5 36. Qf5 Qc6 37. Bb4 Bc4 38. Kg3 a5 39. Qc5 Qa8
40. Bd2 a4 41. Bb4 Qb7 42. Qd6 Kh7 43. Kf2 Qf7 44. g4 Qg6 45. Kg3 Qb1 46. Qd2
Qb3 47. g5 Bd5 48. Qf2 fxg5 49. hxg5 Qc4 50. f4 Qd3+ 51. Kh2 Qb1 52. Kg3 Qd3+
53. Kh2 Kg6 54. Qe2 Qe4 55. Qf2 Qh1+ 56. Kg3 Qe4 57. Bc5 Kf5 58. Bf8 Qd3+
59. Kh4 g6 60. Qb2 Qf3 61. Qc3 Qe4 62. Qf6# 1-0

[Event "Open Ricany 2oo9"]
[Site "?"]
[Date "2009.08.28"]
[Round "8.33"]
[White "Adamik ,Frantisek"]
[Black "Petras ,Milan"]
[Result "0-1"]
[WhiteElo "1923"]
[BlackElo "2046"]

1. e4 e6 2. c4 d5 3. e5 Ne7 4. f4 b6 5. d4 Bb7 6. Be3 Nf5 7. Bf2 dxc4 8. Qa4+
Qd7 9. Qxc4 Ba6 10. Qc3 Bxf1 11. Kxf1 Nc6 12. Nf3 O-O-O 13. Na3 Bxa3 14. bxa3
Ncxd4 15. g4 Qb5+ 16. Kg1 Ne2+ 0-1

[Event "Open Ricany 2oo9"]
[Site "?"]
[Date "2008.08.28"]
[Round "8.30"]
[White "Sochorova ,Jana"]
[Black "Skokan ,Frantisek"]
[Result "1-0"]
[WhiteElo "1903"]
[BlackElo "1854"]

1. Nf3 Nf6 2. g3 b6 3. Bg2 Bb7 4. O-O e6 5. d3 d5 6. Re1 Be7 7. Nbd2 O-O 8. Ne5
Nfd7 9. f4 Nxe5 10. fxe5 c5 11. e4 Nd7 12. exd5 Bxd5 13. Nf3 Qc7 14. Qe2 Rac8
15. Bf4 Qb7 16. Rf1 b5 17. Kh1 Nb6 18. Bd2 h6 19. Bf4 a5 20. Qd2 a4 21. c3 Kh7
22. Rad1 Qc7 23. a3 Bxf3 24. Bxf3 g5 25. Be3 Qxe5 26. d4 cxd4 27. Bxd4 Qd6
28. Qd3+ f5 29. Qxb5 Nd5 30. c4 Nc7 31. Qxa4 e5 32. Bc3 Qe6 33. Qd7 Qf7 34. Bxe5
1-0

[Event "Open Ricany 2oo9"]
[Site "?"]
[Date "2009.08.28"]
[Round "8.15"]
[White "Polak ,Benedikt"]
[Black "Skala ,Jaromir"]
[Result "1/2-1/2"]
[WhiteElo "2075"]
[BlackElo "2065"]

1. Nf3 Nf6 2. c4 g6 3. Nc3 Bg7 4. e4 d6 5. d4 O-O 6. Be2 e5 7. O-O Nc6 8. d5
Ne7 9. Bd2 Ne8 10. Ne1 f5 11. f3 f4 12. g4 h5 13. h3 Kf7 14. Nd3 hxg4 15. hxg4
Rh8 16. Kg2 Nf6 17. Be1 Nh7 18. Bf2 Ng5 19. Rh1 Bd7 20. c5 a6 21. Qb3 Rb8
22. cxd6 cxd6 23. Qb6 Qxb6 24. Bxb6 Rbc8 25. Rxh8 Bxh8 26. Bf2 Bf6 27. Rc1 Ng8
28. Nb1 Rxc1 29. Nxc1 Bd8 30. Nd2 Ne7 31. Nc4 1/2-1/2

[Event "Open Ricany 2oo9"]
[Site "?"]
[Date "2009.08.28"]
[Round "8.31"]
[White "Havlicek ,Pavel"]
[Black "Lexa ,Vaclav"]
[Result "1/2-1/2"]
[WhiteElo "1774"]
[BlackElo "1895"]

1. e4 c5 2. Nf3 d6 3. d4 cxd4 4. Nxd4 Nf6 5. Nc3 a6 6. a4 e5 7. Nf3 h6 8. h3
Be6 9. Be3 Nbd7 10. Be2 Rc8 11. O-O Be7 12. a5 O-O 13. Qd2 Nc5 14. Bxc5 Rxc5
15. b4 Rc7 16. Bd3 Qc8 17. Na4 Nh5 18. Nb6 Qe8 19. c4 Nf4 20. Kh2 f6 21. Nd5
Bxd5 22. cxd5 Qh5 23. Rac1 Rfc8 24. Rxc7 Rxc7 25. Bb1 Nxh3 26. gxh3 Qxf3 27. Rc1
Rxc1 28. Qxc1 Qxf2+ 29. Kh1 Qf3+ 30. Kh2 Qf4+ 31. Qxf4 exf4 32. Kg2 Bd8 33. Bd3
Kf7 34. Kf3 g5 35. Kg4 b6 36. axb6 Bxb6 37. Bxa6 Bd4 38. Be2 Kg6 39. Bd3 h5+
40. Kf3 Kf7 41. Be2 Ke7 42. Bd3 Kd7 43. Bb5+ Kc7 44. Be8 h4 45. Bh5 Kb6 46. Bg4
Kb5 47. Bf5 Kxb4 48. Bg4 1/2-1/2

[Event "Open Ricany 2oo9"]
[Site "?"]
[Date "2009.08.28"]
[Round "8.22"]
[White "Kubik ,Jaroslav"]
[Black "Skacel ,Jan"]
[Result "1/2-1/2"]
[WhiteElo "1975"]
[BlackElo "2070"]

1. c4 c5 2. Nc3 g6 3. Nf3 Bg7 4. e4 Nc6 5. d3 d6 6. h3 Nf6 7. Be3 O-O 8. Be2
Ne8 9. Qd2 Nc7 10. O-O Ne6 11. Bh6 a6 12. Bxg7 Kxg7 13. Nd5 Ned4 14. Nxd4 Nxd4
15. f4 e6 16. Ne3 b5 17. b3 b4 18. Nc2 Qf6 19. Bf3 Nxc2 20. Qxc2 Qxf4 21. e5 Ra7
22. exd6 Qxd6 23. Qb2+ e5 24. Bd5 Bb7 25. Bxb7 Rxb7 26. Rfe1 f6 27. Rad1 Rd8
28. Re4 Qc6 29. Qe2 Rbd7 30. Re3 Rd4 31. Rf1 R8d6 32. g4 Qd7 33. g5 Rxd3
34. gxf6+ Kf7 35. Rxe5 Rxf6 36. Rxf6+ Kxf6 37. Re6+ Qxe6 38. Qxd3 Qe5 39. Qd8+
Kf5 40. Qd7+ Kf4 41. Qxh7 Qa1+ 42. Kg2 Qxa2+ 43. Kf1 Qb1+ 44. Ke2 Qc2+ 45. Ke1
Qc3+ 46. Kf1 Qd3+ 47. Ke1 Kf3 48. Qf7+ Qf5 49. Qd5+ Kg3 50. Qd6+ Kxh3 51. Qxa6
Qb1+ 52. Ke2 Qc2+ 53. Ke1 Qxb3 54. Qc8+ Kg3 55. Qxc5 Qc3+ 56. Ke2 Qc2+ 57. Ke1
b3 58. Qg5+ Kf3 59. Qf6+ Ke3 60. Qe5+ Qe4 61. Qc3+ Kf4+ 62. Kd2 1/2-1/2

[Event "Open Ricany 2oo9"]
[Site "?"]
[Date "2009.08.28"]
[Round "8.3"]
[White "Svitak ,David"]
[Black "Vojta ,Tomas"]
[Result "0-1"]
[WhiteElo "1865"]
[BlackElo "2365"]

1. d4 Nf6 2. Nf3 d5 3. c4 e6 4. Nc3 Be7 5. Bg5 O-O 6. e3 b6 7. Bd3 Bb7 8. Qc2
Nbd7 9. cxd5 exd5 10. O-O h6 11. Bf4 a6 12. e4 dxe4 13. Nxe4 Nd5 14. Bg3 Nb4
15. Qd2 Nxd3 16. Qxd3 Nf6 17. Nxf6+ Bxf6 18. Rfd1 Qd7 19. Ne5 Qd5 20. Qf3 Rfd8
21. Qxd5 Rxd5 22. Nf3 Rd7 23. Be5 Be7 24. Rac1 Rc8 25. h3 f6 26. Bg3 Kf7 27. Rd2
Bxf3 28. gxf3 c5 29. Rcd1 cxd4 30. Rxd4 Rxd4 31. Rxd4 Rc2 32. f4 Rxb2 33. f5
Rxa2 34. Rd7 Ke8 35. Rb7 b5 36. Rb8+ Kf7 37. Rb7 Rd2 38. Rb6 Rd5 39. Rxa6 Rxf5
40. Ra7 Ke6 41. Ra6+ Kd5 42. Ra7 Bc5 43. Rxg7 Rg5 44. Rd7+ Kc4 45. Kf1 b4
46. Ke2 b3 47. Kd2 Bb4+ 48. Kc1 Ba3+ 49. Kb1 Rd5 50. Rc7+ Kb4 51. Rb7+ Kc3
52. Rc7+ Bc5 53. Bf4 b2 54. Rb7 Rd1+ 55. Ka2 Ra1# 0-1

[Event "Open Ricany 2oo9"]
[Site "?"]
[Date "2009.08.28"]
[Round "8.12"]
[White "Vavrinec ,Tomas"]
[Black "Pospisil ,Evzen"]
[Result "0-1"]
[WhiteElo "2067"]
[BlackElo "2209"]

1. c4 c6 2. Nf3 d5 3. b3 e6 4. Bb2 Nf6 5. g3 Be7 6. Bg2 Nbd7 7. O-O O-O 8. d3
b6 9. Nbd2 Bb7 10. e4 c5 11. e5 Ne8 12. d4 Nc7 13. Qe2 a5 14. Rfd1 Ra7 15. a4
Qa8 16. Nf1 Na6 17. Ne3 Nb4 18. Bc3 dxc4 19. Nxc4 Bd5 20. Ne1 cxd4 21. Bxd4 Bc5
22. Bxd5 Nxd5 23. Nf3 Bxd4 24. Rxd4 Nc5 25. Nfd2 Rc7 26. Rc1 Qa6 27. Qh5 Ne7
28. Rh4 h6 29. Nd6 Qd3 30. N2e4 Nxe4 31. Rxc7 Nd2 32. Qd1 Nf3+ 33. Qxf3 Qxf3
34. Rxe7 Qd1+ 35. Kg2 Qd5+ 36. Kh3 Qxe5 37. Nc4 Qf5+ 38. Kg2 Rd8 39. Rf4 Qd5+
40. Kh3 f5 41. Ne3 Qd6 42. Ra7 Rc8 43. Nc4 Qc5 44. Ra6 g5 0-1

[Event "Open Ricany 2oo9"]
[Site "?"]
[Date "2009.08.28"]
[Round "8.2"]
[White "Kulhanek ,Tomas"]
[Black "Umanec ,Filip"]
[Result "1-0"]
[WhiteElo "2444"]
[BlackElo "2175"]

1. e4 e5 2. Nf3 Nc6 3. Bb5 f5 4. d3 fxe4 5. dxe4 Nf6 6. Nc3 Bc5 7. Qe2 d6
8. Qc4 Bd7 9. O-O a6 10. Bxc6 Bxc6 11. Nxe5 Bxf2+ 12. Rxf2 dxe5 13. Be3 Qe7
14. Rd1 Qf7 15. Qb4 a5 16. Qc5 Qe7 17. Qxe7+ Kxe7 18. Nd5+ Bxd5 19. exd5 Rad8
20. c4 Rhe8 21. Rf5 Kf7 22. Bd2 Rd7 23. Bc3 Kg6 24. Rxe5 Rxe5 25. Bxe5 c6 26. d6
Ng4 27. Bg3 Ne3 28. Rc1 Kf5 29. Bf2 Ng4 30. c5 Ne5 31. Re1 g5 32. Bd4 Ng6 33. g3
Rd8 34. Kg2 Rd7 35. Bc3 a4 36. Re8 h5 37. Ra8 Ke4 38. Rg8 Kf5 39. h3 g4 40. h4
a3 41. bxa3 Rf7 42. a4 Nf8 43. Rg5+ Ke4 44. Re5+ Kd3 45. Re7 Rf5 46. Bg7 Ng6
47. d7 Nxe7 48. d8=Q+ Nd5 49. Bh6 Rf6 50. Qh8 Re6 51. Qh7+ Re4 52. Kf1 Kd4
53. Qg7+ Kxc5 54. Qxb7 Re6 55. Bf8+ Kd4 56. Qb2+ Kd3 57. Bc5 Rf6+ 58. Bf2 Nc3
59. a5 c5 60. Kg2 c4 61. Qb7 Rf3 62. a6 Ne4 63. Qd5+ 1-0

[Event "Open Ricany 2oo9"]
[Site "?"]
[Date "2009.08.28"]
[Round "8.28"]
[White "Hrdina ,Robin"]
[Black "Vesecky ,Martin"]
[Result "1-0"]
[WhiteElo "1859"]
[BlackElo "1946"]

1. e4 c5 2. Nf3 d6 3. d4 cxd4 4. Qxd4 a6 5. Be3 Nc6 6. Qd2 Nf6 7. Nc3 e6
8. O-O-O Be7 9. Nd4 O-O 10. f3 Ne5 11. g4 Qc7 12. g5 Nfd7 13. f4 Nc4 14. Bxc4
Qxc4 15. f5 Ne5 16. f6 Bd8 17. Nde2 Bc7 18. Ng3 b5 19. fxg7 Rd8 20. Nh5 Bb7
21. Nf6+ Kxg7 22. Qf2 Ng6 23. Nh5+ Kf8 24. Rhf1 Rd7 25. Qf6 e5 26. Qg7+ Ke7
27. Nd5+ Bxd5 28. exd5 Rf8 29. Qf6+ 1-0

[Event "Open Ricany 2oo9"]
[Site "?"]
[Date "2009.08.28"]
[Round "8.16"]
[White "Hulin ,Petr"]
[Black "Pavlicek ,Petr"]
[Result "0-1"]
[WhiteElo "2073"]
[BlackElo "2036"]

1. d4 Nf6 2. Nf3 g6 3. Bf4 Bg7 4. e3 d6 5. h3 Nbd7 6. Be2 b6 7. O-O O-O 8. Nbd2
Bb7 9. b4 Nd5 10. c4 Nc3 11. Qe1 Nxe2+ 12. Qxe2 Re8 13. Rad1 a5 14. b5 e5
15. dxe5 dxe5 16. Bg3 Qe7 17. Bh4 f6 18. Ne1 Nc5 19. Nd3 Na4 20. Nc1 Nc3 21. Qe1
Red8 22. f3 Nxd1 23. Qxd1 Qb4 24. Be1 Qxc4 25. f4 Qxb5 26. fxe5 Qxe5 27. Qb3+
Qd5 0-1

[Event "Open Ricany 2oo9"]
[Site "?"]
[Date "2009.08.28"]
[Round "8.38"]
[White "Pataridis ,Janis"]
[Black "Rezac ,jindrich"]
[Result "0-1"]
[WhiteElo "1919"]
[BlackElo "1818"]

1. d4 c5 2. e3 cxd4 3. exd4 d5 4. g3 e6 5. Nf3 Nc6 6. Bg2 Nf6 7. O-O Bd6 8. Re1
Qc7 9. Nc3 O-O 10. Bg5 Be7 11. Bf4 Qb6 12. Na4 Qb5 13. b3 Bd7 14. Bf1 Qa5
15. Bd2 Qc7 16. Bf4 Bd6 17. Bxd6 Qxd6 18. Nc5 b6 19. Nd3 Rac8 20. Nde5 Nb4
21. c4 dxc4 22. bxc4 Bc6 23. Bg2 Be4 24. Re2 Rfd8 25. a3 Nc6 26. Nxf7 Kxf7
27. Ng5+ Kg8 28. Nxe4 Nxe4 29. Rxe4 Nxd4 30. Qh5 Rc5 31. Qg4 Rxc4 32. Bf1 Rc3
33. Rae1 Nf3+ 34. Kg2 Nxe1+ 35. Rxe1 e5 36. Kg1 Rxa3 37. Bc4+ Kh8 38. Be6 Rf8
39. Bf5 Qf6 40. Rd1 g6 41. Be4 Qxf2+ 42. Kh1 Ra2 43. Qh3 Re2 44. Bg2 Re1+ 0-1

[Event "Open Ricany 2oo9"]
[Site "?"]
[Date "209.08.28"]
[Round "8.1"]
[White "Vokac ,Marek"]
[Black "Ruzicka ml., Vaclav "]
[Result "1-0"]
[WhiteElo "2466"]
[BlackElo "2024"]

1. d4 d5 2. c4 e6 3. Nc3 Nf6 4. Bg5 Nbd7 5. Nf3 Be7 6. e3 c6 7. Qc2 O-O
8. O-O-O dxc4 9. Bxc4 b5 10. Bd3 Bb7 11. Kb1 h6 12. h4 Rc8 13. Bxf6 Nxf6 14. Ne5
Nd5 15. Nxd5 cxd5 16. Qe2 b4 17. g4 g6 18. f4 Kg7 19. f5 Bf6 20. Nf3 g5 21. hxg5
Bxg5 22. Rh5 f6 23. fxe6 Rc6 24. Nxg5 fxg5 25. Rxh6 Kxh6 26. Qh2+ Kg7 27. Qh7+
Kf6 28. e7 1-0

[Event "Open Ricany 2oo9"]
[Site "?"]
[Date "2009.08.28"]
[Round "8.34"]
[White "Feierfeil ,Jiri"]
[Black "Kaiser ,Rudolf"]
[Result "1-0"]
[WhiteElo "1885"]
[BlackElo "1961"]

1. d4 e5 2. dxe5 Nc6 3. Nf3 Qe7 4. g3 Nxe5 5. Nxe5 Qxe5 6. Bg2 Bb4+ 7. c3 Ba5
8. O-O Nf6 9. Nd2 d5 10. Qa4+ c6 11. Qxa5 O-O 12. Nf3 Qxe2 13. Re1 Qc2 14. Nd4
Qg6 15. Qa4 c5 16. Nf3 Bd7 17. Qd1 Bg4 18. Bf4 Rad8 19. Qa4 Qh5 20. Re5 Qg6
21. Nh4 Qd3 22. Bf1 b5 23. Qxb5 Qxb5 24. Bxb5 Rb8 25. a4 a6 26. Bxa6 Rxb2 27. f3
Be6 28. Re2 Rb3 29. Rc2 c4 30. Be5 Ra8 31. Bxc4 dxc4 32. Bxf6 gxf6 33. Ng2 Ra5
34. Ne3 Kf8 35. f4 f5 36. Kf2 Ke7 37. Nd1 Bd7 38. Rd2 Be6 39. Ke3 h6 40. Rd4 Rb6
41. Kd2 Rd6 42. Nb2 Rxd4+ 43. cxd4 Kd6 44. Kc3 Ra8 45. Nxc4+ Bxc4 46. Kxc4 Rc8+
47. Kd3 Kd5 48. Rb1 Ra8 49. Rb5+ Ke6 50. a5 h5 51. Kc4 Rc8+ 52. Rc5 Ra8 53. d5+
Kd7 54. Kb5 Kd6 55. Kc4 Kd7 56. Rb5 Rc8+ 57. Kd4 Rc2 58. a6 Rxh2 59. Ra5 1-0

[Event "Open Ricany 2oo9"]
[Site "?"]
[Date "2009.08.28"]
[Round "8.32"]
[White "Vlcek ,Marek"]
[Black "Hajek ,Jiri"]
[Result "1-0"]
[WhiteElo "1972"]
[BlackElo "1823"]

1. d4 g6 2. Nf3 Bg7 3. e3 Nf6 4. b3 O-O 5. c4 d6 6. Bb2 Bg4 7. Nbd2 Nbd7 8. h3
Bxf3 9. Nxf3 c5 10. d5 Ne4 11. Bxg7 Qa5+ 12. Nd2 Kxg7 13. Bd3 Nxd2 14. Qxd2
Qxd2+ 15. Kxd2 a6 16. g4 h6 17. f4 Rh8 18. h4 f6 19. h5 g5 20. Bf5 Nb6 21. fxg5
fxg5 22. Rhf1 Rhf8 23. e4 Rab8 24. Rae1 Na8 25. e5 Rbe8 26. exd6 exd6 27. Re6
Rxe6 28. dxe6 Re8 29. b4 Nc7 30. bxc5 dxc5 31. Re1 Kf6 32. Bg6 Rd8+ 33. Kc3 Nxe6
34. Rb1 Rb8 35. Rb6 Ke7 36. Bf5 Ng7 37. Be4 Ne6 38. Bd5 Nc7 39. Rxh6 Nxd5+
40. cxd5 Rg8 41. Kc4 1-0

[Event "Open Ricany 2oo9"]
[Site "?"]
[Date "2009.08.28"]
[Round "8.17"]
[White "Matejka ,Vladimir"]
[Black "Straka ,Vojtech"]
[Result "1/2-1/2"]
[WhiteElo "1993"]
[BlackElo "2039"]

1. e4 c5 2. Nf3 Nc6 3. Nc3 g6 4. d4 cxd4 5. Nxd4 Bg7 6. Be3 Nf6 7. Nxc6 bxc6
8. e5 Ng8 9. f4 f6 10. Qd4 Qa5 11. exf6 Nxf6 12. Qc5 Qxc5 13. Bxc5 d6 14. Bd4
O-O 15. Bc4+ Kh8 16. Bd3 c5 17. Bg1 Bb7 18. Be3 Bxg2 19. Rg1 Bc6 20. O-O-O Rab8
21. Rdf1 Nd5 22. Bd2 Nxc3 23. Bxc3 Bxc3 24. bxc3 Rf6 25. Rg5 Re8 26. h4 e5
27. h5 Rxf4 28. Rxf4 exf4 29. hxg6 hxg6 30. Rxg6 f3 31. Rxd6 Ba8 32. Rh6+ Kg8
33. Rh5 Rc8 34. c4 a5 35. Kd2 Kf7 36. Rh6 a4 37. Ke3 Bc6 38. a3 Ke7 39. Bf5 Rc7
40. Rh7+ Kd6 41. Rxc7 Kxc7 42. Bg4 f2 43. Kxf2 Kd6 44. Ke3 Bb7 45. Kf4 Ba6
46. Be2 Bb7 47. Bd3 Bc8 48. Bg6 Bd7 49. Bf7 Bc6 50. Kf5 Bd7+ 51. Kf6 Bc6 52. Be6
Be4 53. Bf5 Bc6 54. Bc8 Kc7 55. Bf5 Kd6 56. Bg6 Bb7 57. c3 Bc6 58. Bc2 Be8
59. Be4 Bd7 60. Bb7 Kc7 61. Ke7 Bf5 62. Ba6 Bc2 63. Bb5 Bb3 64. Ke6 Kb6 1/2-1/2

[Event "Open Ricany 2oo9"]
[Site "?"]
[Date "2009.08.28"]
[Round "8.40"]
[White "Svoboda ,Zdenek"]
[Black "Krejci ,Martin"]
[Result "1/2-1/2"]
[WhiteElo "1717"]
[BlackElo "1837"]

1. e4 e5 2. Nf3 Nc6 3. Bc4 Nf6 4. d3 h6 5. h3 d6 6. Nc3 Be7 7. Nd5 Be6 8. c3 a6
9. Qb3 Qc8 10. Be3 b5 11. Nxf6+ Bxf6 12. Bd5 Bxd5 13. Qxd5 Ne7 14. Qb3 Qb7
15. a4 O-O 16. O-O Rfb8 17. Rfb1 c5 18. Nh2 Ng6 19. g3 Bg5 20. h4 Bxe3 21. fxe3
c4 22. Qd1 cxd3 23. Qxd3 Qc6 24. Qd5 Qxd5 25. exd5 Ne7 26. e4 f5 27. Nf1 fxe4
28. Ne3 Rf8 29. Kg2 Rf3 30. Nc2 Nf5 31. Rf1 Rxg3+ 32. Kh2 Rf3 33. Rxf3 exf3
34. axb5 a5 35. h5 Kf7 36. Nb4 Ne3 1/2-1/2

[Event "Open Ricany 2oo9"]
[Site "?"]
[Date "2009.08.28"]
[Round "8.7"]
[White "Groh ,Jiri"]
[Black "Vojta ,Pavel"]
[Result "1/2-1/2"]
[WhiteElo "2113"]
[BlackElo "2173"]

1. c4 c6 2. d4 d5 3. e3 Nf6 4. Nf3 g6 5. Nc3 Bg7 6. Bd3 O-O 7. O-O dxc4 8. Bxc4
Nd5 9. e4 Nxc3 10. bxc3 c5 11. Ba3 cxd4 12. cxd4 Nc6 13. Rb1 Nxd4 14. Nxd4 Bxd4
15. Qb3 Qc7 16. Rfd1 Qe5 17. Rxd4 Qxd4 18. Bxe7 Be6 19. Bxe6 fxe6 20. Bxf8 Rxf8
21. Qxe6+ Rf7 22. Rf1 b5 23. g3 b4 24. Kg2 Kg7 25. f4 a5 26. Rf2 a4 27. Re2 Rf6
28. Qe8 b3 29. axb3 axb3 30. Qe7+ Kh6 31. Qa3 Qd3 32. Kf2 Qd4+ 33. Kf3 Qd3+
34. Kf2 g5 35. e5 Rf5 36. Qd6+ Qxd6 37. exd6 gxf4 38. gxf4 Rxf4+ 39. Ke3 Rf6
40. d7 Rf8 41. Kd2 Rd8 42. Re7 Kg6 43. h4 h5 44. Kc3 Kf6 45. Rh7 Kg6 1/2-1/2

[Event "Open Ricany 2oo9"]
[Site "?"]
[Date "2009.08.28"]
[Round "8.13"]
[White "Novak ,Jindrich"]
[Black "Blumel ,Otto"]
[Result "1/2-1/2"]
[WhiteElo "2036"]
[BlackElo "2142"]

1. d4 d5 2. Nf3 Nf6 3. Ne5 e6 4. Nd2 c5 5. e3 Be7 6. Bb5+ Bd7 7. Qe2 O-O 8. O-O
a6 9. Bxd7 Nfxd7 10. f4 f5 11. Ndf3 Nc6 12. Nxd7 Qxd7 13. Bd2 b5 14. dxc5 Bxc5
15. Bc3 Qa7 16. Rad1 b4 17. Be5 Nxe5 18. Nxe5 Bd6 19. Nd3 Rac8 20. Kh1 Rc4
21. g4 Qc7 22. Rc1 Rc8 23. gxf5 exf5 24. Qg2 Qf7 25. Rfd1 Qe6 26. Nf2 R4c5
27. Rg1 R5c7 28. Rcd1 Bc5 29. Rxd5 Qxe3 30. Nh3 g6 31. Rxf5 Re8 32. Rg5 Qe4
33. Rd1 Qe1+ 34. Qf1 Qe4+ 35. Rg2 Be3 36. Qd3 Qxd3 37. Rxd3 Bc1 38. f5 Re1+
39. Ng1 Kg7 40. fxg6 hxg6 41. Rd6 g5 42. h4 Rc4 43. Rd7+ Kg8 44. Re2 Rxh4+
45. Kg2 Rxe2+ 46. Nxe2 Bxb2 47. Rd6 Rc4 48. Rxa6 Rxc2 49. Kf3 Kf7 50. Ng3 Ba3
51. Ne4 Rxa2 52. Nxg5+ Ke7 53. Rb6 Rc2 54. Ne4 Kd7 55. Ke3 Rh2 56. Kd4 Kc7
57. Rb5 Kc6 58. Rb8 Rh4 59. Kd3 Kc7 1/2-1/2

[Event "Open Ricany 2oo9"]
[Site "?"]
[Date "2009.08.28"]
[Round "8.36"]
[White "Pospisil ,Martin"]
[Black "Berg ,Antonin"]
[Result "1-0"]
[WhiteElo "1868"]
[BlackElo "1890"]

1. d4 d5 2. Bf4 e6 3. e3 Nf6 4. Nf3 Be7 5. Nbd2 O-O 6. Bd3 c5 7. c3 Nc6 8. Ne5
Nxe5 9. dxe5 Nd7 10. Qh5 g6 11. Qh6 c4 12. Bc2 f5 13. Nf3 Rf7 14. Rg1 Qf8
15. Qh3 h5 16. Nd4 Nc5 17. f3 g5 18. g4 hxg4 19. fxg4 Rh7 20. Qf3 Rg7 21. gxf5
exf5 22. Bg3 Ne4 23. O-O-O Qf7 24. Qe2 Bd7 25. Rdf1 Rf8 26. Rf3 f4 27. Be1 Qh5
28. e6 Be8 29. exf4 Rxf4 30. Rxf4 Qxe2 31. Nxe2 gxf4 32. Rxg7+ Kxg7 33. Nxf4 Bg5
34. Bg3 Kf6 35. Kd1 Bxf4 36. Bxf4 Kxe6 37. Ke2 Nd6 38. Bxd6 Kxd6 39. Kf3 Ke5
40. Kg4 d4 41. cxd4+ Kxd4 42. h4 c3 43. bxc3+ Kxc3 44. Bb3 Bg6 45. Bg8 b5 46. h5
Bd3 47. Kg5 a5 48. h6 a4 49. Be6 Bh7 50. Bf5 Bg8 51. Kf6 b4 52. Kg7 b3 53. Kxg8
1-0

[Event "Open Ricany 2oo9"]
[Site "?"]
[Date "2009.08.28"]
[Round "8.18"]
[White "Kubikova ,Hana"]
[Black "Kralovsky ,Martin"]
[Result "1-0"]
[WhiteElo "2168"]
[BlackElo "2002"]

1. e4 e6 2. d4 d5 3. Nd2 c5 4. Ngf3 Nc6 5. exd5 exd5 6. dxc5 Bxc5 7. Nb3 Bd6
8. c3 Nge7 9. Bd3 h6 10. Be3 Bg4 11. h3 Bh5 12. Nbd4 O-O 13. g4 Bg6 14. Bxg6
Nxg6 15. Nf5 Bf4 16. Qd2 Bxe3 17. Nxe3 Nf4 18. O-O-O d4 19. Nf5 Qc7 20. N5xd4
Nxd4 21. Nxd4 Rfd8 22. Kb1 a6 23. Qc2 b5 24. Qe4 Nd5 25. Nf5 Nb6 26. Rd4 Re8
27. Qd3 Na4 28. Rd1 Nc5 29. Qf3 Rab8 30. Nd6 Re6 31. Rd5 Nd7 32. Qd3 g6 33. Qd2
Nb6 34. Rd4 Kg7 35. f4 Nc4 36. Nxc4 bxc4 37. Rd7 Qb6 38. f5 Rf6 39. fxg6 Kxg6
40. Rd6 Rxd6 41. Qxd6+ f6 42. Qxb6 Rxb6 43. Rd4 Rc6 44. Kc2 h5 45. Rd5 hxg4
46. hxg4 Re6 47. Rd4 Re2+ 48. Kc1 Rg2 49. Rxc4 Kg5 50. Rc6 Rxg4 51. Rxa6 f5
52. Ra8 f4 53. Rf8 Kh4 54. a4 Kg3 55. a5 f3 56. Kd2 Rg6 57. b4 f2 58. b5 Rd6+
59. Ke3 Re6+ 60. Kd4 Kg2 61. b6 f1=Q 62. Rxf1 Kxf1 63. b7 1-0

[Event "Open Ricany 2oo9"]
[Site "?"]
[Date "2009.08.28"]
[Round "8.8"]
[White "Kovar ,Vojtech"]
[Black "Skrivanek ,Jan"]
[Result "1-0"]
[WhiteElo "2328"]
[BlackElo "2136"]

1. e4 c5 2. Nf3 e6 3. d4 cxd4 4. Nxd4 a6 5. Bd3 Nf6 6. O-O d6 7. Qe2 Nc6
8. Nxc6 bxc6 9. c4 e5 10. b3 Be7 11. Bb2 O-O 12. c5 d5 13. exd5 cxd5 14. Qxe5
Bxc5 15. Nd2 Be6 16. Nf3 h6 17. Rac1 Bd6 18. Qd4 Rc8 19. Bxa6 Rxc1 20. Rxc1 Qa5
21. Rc6 Be7 22. a4 Bd7 23. Bc3 Qd8 24. Rb6 Ne8 25. a5 Qa8 26. Bb7 Qa7 27. Ne5
Bd8 28. Nxd7 Bxb6 29. Qxb6 Qxb6 30. axb6 1-0